[Event "Campeonato de España Universitario 2008"]
[Site "Madrid ESP"]
[Date "2008.05.08"]
[Round "3.17"]
[White "Fidalgo Fernandez, Lucia"]
[Black "Camacho Collados, Jose"]
[Result "1/2-1/2"]
[WhiteElo "2093"]
[BlackElo "2258"]
[PlyCount "46"]
[EventDate "2008.05.08"]
[EventType "swiss"]
[EventRounds "9"]
[EventCountry "ESP"]
[Source "lmi"]
[SourceDate "2008.05.08"]

1. d4 g6 2. Nf3 Bg7 3. Bf4 c5 4. c3 cxd4 5. cxd4 Qb6 6. Qd2 d6 7. Nc3 Nf6 8. e4
O-O 9. e5 Ne8 10. h4 Bg4 11. Nh2 dxe5 12. dxe5 Be6 13. h5 Nc6 14. Nf3 Rd8 15.
Qc1 Qc5 16. hxg6 hxg6 17. Ng5 Nc7 18. Nge4 Qd4 19. Bh6 Qxe5 20. Bf4 Qa5 21. Bh6
Qe5 22. Bf4 Qa5 23. Bh6 Qe5 1/2-1/2

[Event "Campeonato de España Universitario 2008"]
[Site "Madrid ESP"]
[Date "2008.05.08"]
[Round "3.18"]
[White "Serna Lara, Sergio"]
[Black "Hidalgo Duque, Carlos"]
[Result "1-0"]
[WhiteElo "2248"]
[BlackElo "2134"]
[PlyCount "107"]
[EventDate "2008.05.08"]
[EventType "swiss"]
[EventRounds "9"]
[EventCountry "ESP"]
[Source "lmi"]
[SourceDate "2008.05.08"]

1. d4 d5 2. Nf3 Nf6 3. c4 e6 4. Nc3 c5 5. e3 Nc6 6. a3 cxd4 7. exd4 Be7 8. Bd3
O-O 9. O-O a6 10. c5 Qc7 11. Re1 Rd8 12. Bg5 h6 13. Bh4 Nh5 14. Bxe7 Qxe7 15.
b4 Qf6 16. g3 g6 17. Bc2 Ng7 18. Ne5 Nf5 19. Bxf5 Qxf5 20. Qd2 Kg7 21. f4 Bd7
22. Nd1 f6 23. Ne3 Qh3 24. N5g4 Qh5 25. Nf2 Qf3 26. Neg4 e5 27. Re3 Nxd4 28.
Qxd4 Qxf2+ 29. Nxf2 exd4 30. Re7+ Kf8 31. Rh7 Kg8 32. Rxh6 Kg7 33. Rh4 Re8 34.
f5 Bxf5 35. Rxd4 Re5 36. Rad1 Be6 37. Nd3 Re3 38. Kf2 Re4 39. Nf4 Kf7 40. Nxe6
Rxe6 41. Rxd5 Rae8 42. Rd7+ R8e7 43. Rxe7+ Kxe7 44. Re1 Rxe1 45. Kxe1 Ke6 46.
Ke2 Kd5 47. Kd3 a5 48. g4 g5 49. bxa5 Kxc5 50. Ke4 Kb5 51. Kf5 Kxa5 52. Kxf6
Ka4 53. Kxg5 Kxa3 54. h4 1-0

[Event "Campeonato de España Universitario 2008"]
[Site "Madrid ESP"]
[Date "2008.05.08"]
[Round "3.19"]
[White "Perez Felipe, Marcos Adrian"]
[Black "Medina Menendez, Eduardo Matias"]
[Result "1/2-1/2"]
[WhiteElo "2238"]
[BlackElo "2105"]
[PlyCount "23"]
[EventDate "2008.05.08"]
[EventType "swiss"]
[EventRounds "9"]
[EventCountry "ESP"]
[Source "lmi"]
[SourceDate "2008.05.08"]

1. d4 d5 2. c4 e5 3. Nf3 Nc6 4. Nc3 exd4 5. Nxd4 Be7 6. e4 Bf6 7. Be3 Nge7 8.
Be2 O-O 9. O-O Nxd4 10. Bxd4 Bxd4 11. Qxd4 f5 12. exd5 1/2-1/2

[Event "Campeonato de España Universitario 2008"]
[Site "Madrid ESP"]
[Date "2008.05.08"]
[Round "3.20"]
[White "Deruelle Sala, Albert"]
[Black "Andres Gonzalez, Ivan"]
[Result "0-1"]
[WhiteElo "2103"]
[BlackElo "2324"]
[PlyCount "82"]
[EventDate "2008.05.08"]
[EventType "swiss"]
[EventRounds "9"]
[EventCountry "ESP"]
[Source "lmi"]
[SourceDate "2008.05.08"]

1. d4 Nf6 2. c4 c5 3. d5 b5 4. cxb5 a6 5. bxa6 Bxa6 6. Nc3 g6 7. e4 Bxf1 8.
Kxf1 d6 9. g3 Bg7 10. Nf3 O-O 11. Kg2 Nbd7 12. h3 Ra6 13. Rb1 Qa8 14. b3 e6 15.
a4 exd5 16. exd5 Nb6 17. Nb5 Qb8 18. Nc3 Qb7 19. b4 cxb4 20. Rxb4 Qa8 21. Rb5
Nxa4 22. Nxa4 Rxa4 23. Bf4 Ne4 24. Qd3 f5 25. Rc1 Ra3 26. Qc4 Ra2 27. Be3 Qa3
28. Rb3 Qa5 29. Bb6 Qa8 30. Be3 h6 31. Qc6 Rf7 32. Qxa8+ Rxa8 33. Rb5 Ra2 34.
h4 Kh7 35. Nd4 Nxf2 36. Kf1 Ne4 37. Ne2 Nxg3+ 38. Nxg3 f4 39. Ne4 fxe3+ 40. Kg1
Be5 41. Re1 Ra4 0-1

[Event "Campeonato de España Universitario 2008"]
[Site "Madrid ESP"]
[Date "2008.05.08"]
[Round "3.21"]
[White "Gavilan Diaz, Mario"]
[Black "Perez Campos, Adria"]
[Result "1/2-1/2"]
[WhiteElo "2300"]
[BlackElo "2229"]
[PlyCount "64"]
[EventDate "2008.05.08"]
[EventType "swiss"]
[EventRounds "9"]
[EventCountry "ESP"]
[Source "lmi"]
[SourceDate "2008.05.08"]

1. e4 c5 2. Nf3 d6 3. d4 cxd4 4. Nxd4 Nf6 5. Nc3 a6 6. Bg5 e6 7. f4 Nbd7 8. Qf3
h6 9. Bh4 e5 10. Bxf6 Nxf6 11. Nf5 exf4 12. Qxf4 Bxf5 13. Qxf5 Rc8 14. O-O-O
Be7 15. Bd3 O-O 16. Rhe1 Rc5 17. e5 Rxe5 18. Rxe5 dxe5 19. Qxe5 Bd6 20. Bh7+
Nxh7 21. Rxd6 Qh4 22. Rd7 Nf6 23. Rxb7 Qf2 24. Rb8 Qf1+ 25. Nd1 Qxg2 26. Rxf8+
Kxf8 27. Qd6+ Kg8 28. Qxa6 Qxh2 29. Qc8+ Kh7 30. Qf5+ Kh8 31. Qc8+ Kh7 32. Qf5+
Kh8 1/2-1/2

[Event "Campeonato de España Universitario 2008"]
[Site "Madrid ESP"]
[Date "2008.05.08"]
[Round "3.22"]
[White "Garcia Brion, Eduardo"]
[Black "Almeida Toledano, Daniel"]
[Result "0-1"]
[WhiteElo "2158"]
[BlackElo "2278"]
[PlyCount "74"]
[EventDate "2008.05.08"]
[EventType "swiss"]
[EventRounds "9"]
[EventCountry "ESP"]
[Source "lmi"]
[SourceDate "2008.05.08"]

1. e4 e6 2. d4 d5 3. Nd2 Be7 4. exd5 exd5 5. Bd3 Nf6 6. Ngf3 O-O 7. O-O Bg4 8.
c3 Nbd7 9. Qc2 Bd6 10. h3 Bh5 11. Nh4 c5 12. Nf5 Bc7 13. dxc5 Nxc5 14. Nb3 Nxd3
15. Qxd3 Bg6 16. Nbd4 Qd7 17. Qf3 Ne4 18. Qg4 Rad8 19. Bf4 Bb6 20. Be3 Rfe8 21.
Qf3 Bc7 22. Bf4 Bxf5 23. Bxc7 Qxc7 24. Qxf5 Qb6 25. Nf3 Ng3 26. Qc2 Nxf1 27.
Rxf1 h6 28. Nd4 Re4 29. Rd1 Rde8 30. Rd3 Qc7 31. g3 Qc4 32. Kg2 Qxa2 33. Rf3
Qa6 34. Rf5 Re1 35. Kf3 Qf1 36. Kg4 R8e4+ 37. f4 R1e3 0-1

[Event "Campeonato de España Universitario 2008"]
[Site "Madrid ESP"]
[Date "2008.05.08"]
[Round "3.23"]
[White "Piña Sierra, Julia"]
[Black "Claros Egea, Christian"]
[Result "0-1"]
[WhiteElo "2101"]
[BlackElo "2240"]
[PlyCount "66"]
[EventDate "2008.05.08"]
[EventType "swiss"]
[EventRounds "9"]
[EventCountry "ESP"]
[Source "lmi"]
[SourceDate "2008.05.08"]

1. e4 c5 2. Nf3 d6 3. d4 cxd4 4. Nxd4 Nf6 5. Nc3 a6 6. Be2 e5 7. Nb3 Be7 8. Bg5
Nbd7 9. O-O O-O 10. Qd2 b5 11. a3 Bb7 12. Bf3 Rc8 13. Rfe1 Qc7 14. Rad1 h6 15.
Bxf6 Nxf6 16. Qe3 Bc6 17. Be2 Rb8 18. Nd5 Nxd5 19. exd5 Bd7 20. Bd3 f5 21. f3
Bg5 22. Qe2 a5 23. Kh1 a4 24. Nd2 Qc5 25. c4 b4 26. Nb1 Rb7 27. axb4 Qxb4 28.
Qf2 Qxb2 29. Re2 Qb3 30. Qf1 a3 31. Bc2 Qb4 32. Bd3 Ba4 33. Rde1 Bb3 0-1

[Event "Campeonato de España Universitario 2008"]
[Site "Madrid ESP"]
[Date "2008.05.08"]
[Round "3.24"]
[White "Martinez Martin, Iñigo"]
[Black "Sierra Canosa, Francisco"]
[Result "1-0"]
[WhiteElo "2228"]
[BlackElo "2141"]
[PlyCount "59"]
[EventDate "2008.05.08"]
[EventType "swiss"]
[EventRounds "9"]
[EventCountry "ESP"]
[Source "lmi"]
[SourceDate "2008.05.08"]

1. e4 c5 2. c3 g6 3. Nf3 Bg7 4. g3 Nc6 5. Bg2 e5 6. O-O Nge7 7. d3 O-O 8. Be3
d6 9. Qd2 f5 10. Na3 Rb8 11. h4 b5 12. Bg5 Be6 13. Nc2 Qd7 14. Rfe1 Kh8 15. Nh2
f4 16. gxf4 h6 17. f5 gxf5 18. Bxh6 f4 19. Bg5 Bh3 20. Qe2 f3 21. Bxf3 Ng6 22.
Bg4 Nf4 23. Bxf4 Bxg4 24. Qxg4 Qxg4+ 25. Nxg4 Rxf4 26. Nce3 Rg8 27. Kg2 Bf6 28.
f3 Ne7 29. Rh1 Kg7 30. Kf2 1-0

[Event "Campeonato de España Universitario 2008"]
[Site "Madrid ESP"]
[Date "2008.05.08"]
[Round "3.25"]
[White "Alcaraz Pacheco, Ivan"]
[Black "Hajmohamad Ali, Ehsan"]
[Result "0-1"]
[WhiteElo "2011"]
[BlackElo "2227"]
[PlyCount "130"]
[EventDate "2008.05.08"]
[EventType "swiss"]
[EventRounds "9"]
[EventCountry "ESP"]
[Source "lmi"]
[SourceDate "2008.05.08"]

1. e4 e5 2. Nc3 Nf6 3. f4 d5 4. fxe5 Nxe4 5. Qf3 Nxc3 6. bxc3 Be7 7. d4 O-O 8.
Bd3 c5 9. Ne2 g6 10. Nf4 cxd4 11. cxd4 Bb4+ 12. Ke2 Nc6 13. Be3 Bc3 14. Nxd5
Bxd4 15. Nf6+ Kh8 16. Raf1 Bxe5 17. h4 Bxf6 18. Qxf6+ Qxf6 19. Rxf6 Kg7 20.
Rhf1 Be6 21. a3 Rad8 22. R6f4 h5 23. Rb1 b6 24. Bb5 Ne7 25. Bd4+ Kg8 26. Bd3
Bf5 27. Bxf5 Nxf5 28. c3 Rfe8+ 29. Kd2 Rd5 30. g4 hxg4 31. Rxg4 Nxd4 32. cxd4
Kg7 33. Rbg1 Ra5 34. R1g3 Re6 35. Rc3 f5 36. Rf4 Kf6 37. Rg3 Re4 38. Rxe4 fxe4
39. Rc3 Rh5 40. Rc7 Rxh4 41. Rxa7 Rh3 42. Ra6 Kf5 43. Rxb6 Rxa3 44. Ke2 Rd3 45.
Rd6 g5 46. Rd8 Kf4 47. Rf8+ Kg3 48. Rd8 g4 49. d5 Kf4 50. d6 Re3+ 51. Kd2 Rd3+
52. Ke2 g3 53. d7 g2 54. Kf2 Rd2+ 55. Kg1 Ke3 56. Re8 Rxd7 57. Kxg2 Rf7 58. Kg3
Rg7+ 59. Kh2 Kf2 60. Rf8+ Ke2 61. Re8 e3 62. Re6 Kf2 63. Rf6+ Ke1 64. Re6 e2
65. Re8 Rd7 0-1

[Event "Campeonato de España Universitario 2008"]
[Site "Madrid ESP"]
[Date "2008.05.08"]
[Round "3.26"]
[White "Piay Augusto, Diego"]
[Black "Lopez Reboso, Hector"]
[Result "1-0"]
[WhiteElo "2281"]
[BlackElo "2048"]
[PlyCount "61"]
[EventDate "2008.05.08"]
[EventType "swiss"]
[EventRounds "9"]
[EventCountry "ESP"]
[Source "lmi"]
[SourceDate "2008.05.08"]

1. e4 e5 2. d4 Nf6 3. dxe5 Nxe4 4. Bc4 c6 5. Qe2 Qa5+ 6. Nd2 Nxd2 7. Bxd2 Bb4
8. c3 Be7 9. Nf3 O-O 10. O-O d5 11. exd6 Bxd6 12. Ng5 Qc7 13. Nxf7 Rxf7 14.
Qe8+ Bf8 15. Bxf7+ Qxf7 16. Qxc8 Qd7 17. Qxd7 Nxd7 18. Rad1 Nf6 19. c4 Kf7 20.
Bg5 Ne4 21. Be3 b6 22. Rd4 Re8 23. Rfd1 Nf6 24. Bg5 Bc5 25. Bxf6 Kxf6 26. R4d2
Re4 27. b3 h5 28. g3 h4 29. Kg2 a5 30. Kf3 Kf5 31. Rd7 1-0

[Event "Campeonato de España Universitario 2008"]
[Site "Madrid ESP"]
[Date "2008.05.08"]
[Round "3.27"]
[White "Vallejo Diaz, Jesus"]
[Black "Rodriguez Gonzalez, Alex"]
[Result "1-0"]
[WhiteElo "2269"]
[BlackElo "2041"]
[PlyCount "77"]
[EventDate "2008.05.08"]
[EventType "swiss"]
[EventRounds "9"]
[EventCountry "ESP"]
[Source "lmi"]
[SourceDate "2008.05.08"]

1. e4 d6 2. d4 Nf6 3. Nc3 g6 4. f4 Bg7 5. a3 O-O 6. Nf3 Bg4 7. h3 Bxf3 8. Qxf3
c6 9. Be3 Na6 10. Rd1 Qa5 11. Bd3 e5 12. O-O exd4 13. Bxd4 Rae8 14. Rfe1 Nd7
15. Bxg7 Kxg7 16. Qf2 Re6 17. Qxa7 Qb6+ 18. Qxb6 Nxb6 19. Kf2 Rfe8 20. Bxa6
bxa6 21. b3 Kf8 22. Re2 f6 23. Rd4 R8e7 24. Red2 Nc8 25. Kf3 d5 26. R2d3 dxe4+
27. Rxe4 Nb6 28. Rxe6 Rxe6 29. Rd8+ Ke7 30. Rh8 h5 31. Rh7+ Kd8 32. Rb7 c5 33.
Ra7 Nc8 34. Rb7 Nb6 35. Ne4 c4 36. Nc5 Rd6 37. b4 Nd5 38. Rg7 f5 39. Nb7+ 1-0

[Event "Campeonato de España Universitario 2008"]
[Site "Madrid ESP"]
[Date "2008.05.08"]
[Round "3.28"]
[White "Bermejo Martinez, Jorge"]
[Black "Romero Lopez, Marta"]
[Result "1-0"]
[WhiteElo "2267"]
[BlackElo "2018"]
[PlyCount "55"]
[EventDate "2008.05.08"]
[EventType "swiss"]
[EventRounds "9"]
[EventCountry "ESP"]
[Source "lmi"]
[SourceDate "2008.05.08"]

1. Nf3 Nf6 2. c4 Nc6 3. d4 d5 4. cxd5 Nxd5 5. e4 Nf6 6. Nc3 Bg4 7. d5 Ne5 8.
Nxe5 Bxd1 9. Bb5+ c6 10. dxc6 a6 11. c7+ axb5 12. cxd8=Q+ Rxd8 13. Nxd1 Nxe4
14. Nc3 Nxc3 15. bxc3 e6 16. O-O Rd5 17. Nf3 Bc5 18. Rb1 O-O 19. Bd2 Ra8 20.
Rb2 Ba3 21. Rc2 Rc8 22. Rb1 h6 23. Rb3 b4 24. Kf1 Kh7 25. c4 Rdc5 26. Bxb4 Bxb4
27. Rxb4 b5 28. Nd2 1-0

[Event "Campeonato de España Universitario 2008"]
[Site "Madrid ESP"]
[Date "2008.05.08"]
[Round "3.29"]
[White "Rivas Vila, David"]
[Black "Criado Lopez, Alberto"]
[Result "1-0"]
[WhiteElo "2242"]
[BlackElo "2014"]
[PlyCount "143"]
[EventDate "2008.05.08"]
[EventType "swiss"]
[EventRounds "9"]
[EventCountry "ESP"]
[Source "lmi"]
[SourceDate "2008.05.08"]

1. g3 c5 2. Bg2 Nc6 3. e4 g6 4. Nc3 Bg7 5. d3 e6 6. Be3 d6 7. Qd2 a6 8. Nge2
Qc7 9. O-O Nge7 10. Bh6 O-O 11. Bxg7 Kxg7 12. f4 f5 13. d4 cxd4 14. Nd1 e5 15.
Kh1 fxe4 16. Bxe4 Bf5 17. Bg2 Rac8 18. Nf2 Na5 19. g4 Nc4 20. Qb4 Bxc2 21. Rfc1
d3 22. Qxb7 Ne3 23. Nxd3 Qxb7 24. Bxb7 Rb8 25. Bxa6 Rb6 26. fxe5 Rxa6 27. Nb4
Be4+ 28. Kg1 Rb6 29. exd6 Rxd6 30. Ng3 Bf3 31. Rc7 Rf7 32. Re1 N3d5 33. Nxd5
Nxd5 34. Rxf7+ Kxf7 35. Ne4 Bxe4 36. Rxe4 Nf6 37. Rb4 Rd1+ 38. Kf2 Rd2+ 39. Kg3
Rd3+ 40. Kg2 Rd2+ 41. Kg3 Rd3+ 42. Kh4 h6 43. g5 hxg5+ 44. Kxg5 Rd5+ 45. Kf4
Rf5+ 46. Kg3 Rg5+ 47. Kf3 Rf5+ 48. Ke2 Rh5 49. h4 Nd5 50. Rd4 Ke6 51. a4 Ke5
52. Rg4 Kf5 53. Kf3 Rh8 54. Rg5+ Ke6 55. Rxg6+ Ke5 56. Rg5+ Kd4 57. Rg4+ Kc5
58. Kg3 Rb8 59. h5 Rxb2 60. h6 Rb8 61. a5 Ne7 62. Rg5+ Kc6 63. Kh4 Ng8 64. h7
Ne7 65. Kh5 Rb1 66. Kh6 Rb8 67. Re5 Kd6 68. Rg5 Ke6 69. a6 Nf5+ 70. Rxf5 Kxf5
71. Kg7 Ke6 72. h8=Q 1-0

[Event "Campeonato de España Universitario 2008"]
[Site "Madrid ESP"]
[Date "2008.05.08"]
[Round "3.30"]
[White "Baiges Navarro, Albert"]
[Black "Mayans Calvo, Mariano"]
[Result "0-1"]
[WhiteElo "2044"]
[BlackElo "2223"]
[PlyCount "86"]
[EventDate "2008.05.08"]
[EventType "swiss"]
[EventRounds "9"]
[EventCountry "ESP"]
[Source "lmi"]
[SourceDate "2008.05.08"]

1. e4 e6 2. d3 c5 3. g3 g6 4. Bg2 Bg7 5. Nf3 Ne7 6. O-O Nbc6 7. Re1 O-O 8. c3
d6 9. h4 h6 10. a3 b5 11. d4 Bb7 12. Be3 cxd4 13. cxd4 d5 14. e5 Nf5 15. Bd2 a5
16. Be3 b4 17. Nbd2 Qe7 18. a4 Ba6 19. Nb3 Rfc8 20. Bf1 Bxf1 21. Kxf1 f6 22.
Bf4 g5 23. hxg5 fxg5 24. Be3 Qf7 25. Kg2 Rf8 26. Qd2 g4 27. Ng1 Nce7 28. Ne2
Ng6 29. Bf4 Nfh4+ 30. gxh4 Nxf4+ 31. Nxf4 Qxf4 32. Re3 h5 33. Qe2 Bh6 34. Rg3
Qf7 35. Nc5 Qe7 36. Qc2 Rf5 37. Rh1 Rc8 38. Qb1 Bf4 39. Rd3 Bxe5 40. dxe5 Qxc5
41. Rd2 Qc4 42. Rhd1 Qb3 43. Rd3 Qc2 0-1

[Event "Campeonato de España Universitario 2008"]
[Site "Madrid ESP"]
[Date "2008.05.08"]
[Round "3.31"]
[White "Paredes Sanchez, Juan"]
[Black "Pellicer Coloma, Pedro"]
[Result "1-0"]
[WhiteElo "2215"]
[BlackElo "2006"]
[PlyCount "49"]
[EventDate "2008.05.08"]
[EventType "swiss"]
[EventRounds "9"]
[EventCountry "ESP"]
[Source "lmi"]
[SourceDate "2008.05.08"]

1. e4 c5 2. Nf3 Nc6 3. Nc3 Nf6 4. Bb5 d6 5. Bxc6+ bxc6 6. h3 e5 7. d3 Be7 8.
O-O O-O 9. Qe2 Ne8 10. Nh2 f5 11. f4 fxe4 12. Qxe4 exf4 13. Qxc6 Rb8 14. Rb1
Bb7 15. Qa4 g5 16. Bd2 Nf6 17. Rfe1 Kh8 18. b4 d5 19. Qxa7 Qc7 20. Nb5 Qc6 21.
Rxe7 Qxb5 22. Qxc5 Qa6 23. Bc3 Rbc8 24. Rc7 Qxa2 25. Ra1 1-0

[Event "Campeonato de España Universitario 2008"]
[Site "Madrid ESP"]
[Date "2008.05.08"]
[Round "3.32"]
[White "Gallardo Estrella, Alvaro"]
[Black "Martinez Lozano, Miguel Angel"]
[Result "0-1"]
[WhiteElo "2042"]
[BlackElo "2209"]
[PlyCount "54"]
[EventDate "2008.05.08"]
[EventType "swiss"]
[EventRounds "9"]
[EventCountry "ESP"]
[Source "lmi"]
[SourceDate "2008.05.08"]

1. d4 Nf6 2. c4 g6 3. Nc3 Bg7 4. e4 d6 5. f4 O-O 6. Nf3 Na6 7. Be2 e5 8. fxe5
dxe5 9. d5 Nc5 10. Qc2 a5 11. O-O Qe7 12. b3 b6 13. a3 Bd7 14. Rb1 Ncxe4 15.
Nxe4 Nxe4 16. Be3 f5 17. c5 bxc5 18. Bd3 Nd6 19. Nd2 e4 20. Be2 Bd4 21. Nc4 f4
22. Bxd4 cxd4 23. Nxd6 cxd6 24. Bc4 Qe5 25. Rbe1 d3 26. Qd2 g5 27. Bxd3 Qd4+
0-1

[Event "Campeonato de España Universitario 2008"]
[Site "Madrid ESP"]
[Date "2008.05.08"]
[Round "3.33"]
[White "Pazos Porta, Antonio"]
[Black "Jane Besora, Rafael"]
[Result "1-0"]
[WhiteElo "2176"]
[BlackElo "1998"]
[PlyCount "93"]
[EventDate "2008.05.08"]
[EventType "swiss"]
[EventRounds "9"]
[EventCountry "ESP"]
[Source "lmi"]
[SourceDate "2008.05.08"]

1. Nc3 c5 2. e4 e6 3. g3 Nc6 4. Bg2 a6 5. f4 b5 6. Nf3 Bb7 7. O-O Be7 8. h3 h5
9. d3 Qc7 10. Be3 Rc8 11. Qd2 Nf6 12. Rae1 b4 13. Nd1 d5 14. exd5 Nxd5 15. Re2
Nxe3 16. Nxe3 O-O 17. Nc4 Bf6 18. Nfe5 g6 19. c3 bxc3 20. bxc3 Bg7 21. Qe3 Rfd8
22. Rb2 Nxe5 23. fxe5 Bxg2 24. Kxg2 Rb8 25. Rbf2 Bf8 26. Rxf7 Qxf7 27. Rxf7
Kxf7 28. Qf3+ Kg7 29. g4 hxg4 30. hxg4 Be7 31. Qc6 Kf7 32. Qf3+ Kg7 33. Qc6 Kf7
34. Nd6+ Kg7 35. Kf3 Rf8+ 36. Ke4 Rb1 37. d4 Rd1 38. Qd7 Re1+ 39. Kd3 Rf3+ 40.
Kd2 Ref1 41. Qxe7+ Kg8 42. Ne4 Rf7 43. Qxe6 Kg7 44. d5 c4 45. d6 Rg1 46. d7 Rf3
47. Qf6+ 1-0

[Event "Campeonato de España Universitario 2008"]
[Site "Madrid ESP"]
[Date "2008.05.08"]
[Round "3.34"]
[White "Simonet Planas, Adrian"]
[Black "Ibarra Jerez, Juan Miguel"]
[Result "1-0"]
[WhiteElo "2027"]
[BlackElo "2176"]
[PlyCount "93"]
[EventDate "2008.05.08"]
[EventType "swiss"]
[EventRounds "9"]
[EventCountry "ESP"]
[Source "lmi"]
[SourceDate "2008.05.08"]

1. c4 Nf6 2. Nc3 g6 3. d4 Bg7 4. e4 d6 5. Nf3 O-O 6. Be2 e5 7. dxe5 dxe5 8.
Qxd8 Rxd8 9. Bg5 c6 10. Nxe5 Na6 11. Nd3 Re8 12. f3 Be6 13. Nf4 Nd7 14. Nxe6
Rxe6 15. O-O-O Ndc5 16. Rd2 Ree8 17. Rhd1 Ne6 18. Be3 Nac5 19. Kc2 a5 20. Bf1
Na6 21. g3 Nec5 22. Ne2 f5 23. Bxc5 Nxc5 24. exf5 Bh6 25. Rd6 Bf8 26. R6d4 Re3
27. fxg6 Rxf3 28. gxh7+ Kxh7 29. Rf4 Re3 30. Nd4 Bh6 31. Rh4 Rf8 32. Bd3+ Rxd3
33. Rxd3 Rf2+ 34. Kc3 Na4+ 35. Kb3 Nc5+ 36. Kc3 Kg6 37. Rf3 Na4+ 38. Kb3 Nc5+
39. Ka3 Rxf3+ 40. Nxf3 b5 41. cxb5 cxb5 42. Rxh6+ Kxh6 43. b4 Na6 44. bxa5 Kh5
45. Nd4 b4+ 46. Ka4 Kg4 47. Kb5 1-0

[Event "Campeonato de España Universitario 2008"]
[Site "Madrid ESP"]
[Date "2008.05.08"]
[Round "3.35"]
[White "Gonzalez Merino, Alberto"]
[Black "Rodriguez Lopez, Ruben"]
[Result "1-0"]
[WhiteElo "2174"]
[BlackElo "1989"]
[PlyCount "53"]
[EventDate "2008.05.08"]
[EventType "swiss"]
[EventRounds "9"]
[EventCountry "ESP"]
[Source "lmi"]
[SourceDate "2008.05.08"]

1. d4 d5 2. c4 Bf5 3. Nc3 e6 4. cxd5 exd5 5. Qb3 Nc6 6. Nf3 Nb4 7. e4 dxe4 8.
Ng5 Qd7 9. Bc4 Nd3+ 10. Kf1 O-O-O 11. Nxf7 Bh3 12. Nxe4 Qg4 13. Rg1 Qxe4 14.
Bxd3 Qxd4 15. gxh3 Qxd3+ 16. Qxd3 Rxd3 17. Be3 Rd7 18. Nxh8 g6 19. Ke2 Bg7 20.
Nxg6 hxg6 21. Rxg6 Nf6 22. Rag1 Ne8 23. b3 Be5 24. f4 Bd6 25. h4 Re7 26. Kf3
Rf7 27. h5 1-0

[Event "Campeonato de España Universitario 2008"]
[Site "Madrid ESP"]
[Date "2008.05.08"]
[Round "3.36"]
[White "Martin Mascaro, Juan"]
[Black "Fernandez Losada, Daniel"]
[Result "0-1"]
[WhiteElo "2016"]
[BlackElo "2173"]
[PlyCount "44"]
[EventDate "2008.05.08"]
[EventType "swiss"]
[EventRounds "9"]
[EventCountry "ESP"]
[Source "lmi"]
[SourceDate "2008.05.08"]

1. d4 Nf6 2. Nf3 g6 3. Bg5 Bg7 4. e3 O-O 5. Bd3 c5 6. c3 Nc6 7. Nbd2 d5 8. O-O
Re8 9. Rc1 e5 10. dxe5 Nxe5 11. Nxe5 Rxe5 12. Nf3 Re8 13. Bb5 Bd7 14. Qa4 Re4
15. c4 Be6 16. Qc2 Bf5 17. cxd5 Rg4 18. Bd3 Qxd5 19. Bxf5 gxf5 20. Bf4 Qxf3 21.
g3 b5 22. h3 Rg6 0-1

[Event "Campeonato de España Universitario 2008"]
[Site "Madrid ESP"]
[Date "2008.05.08"]
[Round "3.37"]
[White "Prieto Aranguren, Alain"]
[Black "Ares Campo, Iria"]
[Result "1-0"]
[WhiteElo "2170"]
[BlackElo "1987"]
[PlyCount "67"]
[EventDate "2008.05.08"]
[EventType "swiss"]
[EventRounds "9"]
[EventCountry "ESP"]
[Source "lmi"]
[SourceDate "2008.05.08"]

1. d4 d5 2. c4 c6 3. e3 Nf6 4. Qc2 g6 5. Nf3 Bg7 6. Be2 O-O 7. O-O Ne4 8. Nc3
f5 9. cxd5 cxd5 10. Nxd5 Nc6 11. Nc3 Nd6 12. b3 e5 13. dxe5 Nxe5 14. Bb2 g5 15.
Rfd1 Nxf3+ 16. Bxf3 Qf6 17. Na4 Qh6 18. Bxg7 Kxg7 19. Qc7+ Nf7 20. Nc5 Qb6 21.
Qxb6 axb6 22. Na4 Ne5 23. Be2 Rf6 24. Rd8 Nc6 25. Rd2 Nb4 26. Rc1 Be6 27. Rc7+
Rf7 28. Rxf7+ Kxf7 29. h3 Ra5 30. Kh2 Nxa2 31. Nxb6 Nc3 32. Bc4 Bxc4 33. Nxc4
Ke7 34. Nxa5 1-0

[Event "Campeonato de España Universitario 2008"]
[Site "Madrid ESP"]
[Date "2008.05.08"]
[Round "3.38"]
[White "Molina Ballester, Sergio"]
[Black "Rios Del Moral, Neftali"]
[Result "0-1"]
[WhiteElo "2006"]
[BlackElo "2170"]
[PlyCount "94"]
[EventDate "2008.05.08"]
[EventType "swiss"]
[EventRounds "9"]
[EventCountry "ESP"]
[Source "lmi"]
[SourceDate "2008.05.08"]

1. e4 d5 2. exd5 Nf6 3. d4 Bg4 4. f3 Bf5 5. Bb5+ Nbd7 6. c4 a6 7. Ba4 b5 8.
cxb5 Nxd5 9. Nc3 N5b6 10. Nge2 Nxa4 11. Qxa4 Bd3 12. Qd1 Bxb5 13. Nxb5 axb5 14.
O-O Nf6 15. Bg5 e6 16. Nc3 b4 17. Ne4 Be7 18. Bxf6 Bxf6 19. Nxf6+ gxf6 20. Qd2
Qd6 21. Rfd1 Ra5 22. a3 Rh5 23. f4 O-O 24. axb4 Rb8 25. Ra5 Rhb5 26. Rxb5 Rxb5
27. Ra1 Rxb4 28. Ra8+ Kg7 29. Qf2 Qxd4 30. Qxd4 Rxd4 31. Rc8 Rxf4 32. Rxc7 Rb4
33. Rc2 f5 34. Kf2 e5 35. Re2 Kf6 36. h3 e4 37. Rc2 f4 38. Rc6+ Kg5 39. Rc2 Rb3
40. Re2 f5 41. Rc2 h5 42. Re2 h4 43. Rc2 f3 44. gxf3 Rxf3+ 45. Kg2 Rg3+ 46. Kh2
Kf4 47. Rf2+ Ke5 0-1

[Event "Campeonato de España Universitario 2008"]
[Site "Madrid ESP"]
[Date "2008.05.08"]
[Round "3.39"]
[White "Perez Mauricio, Xoel"]
[Black "Pousada Garcia, Victor Daniel"]
[Result "1-0"]
[WhiteElo "2168"]
[BlackElo "1986"]
[PlyCount "63"]
[EventDate "2008.05.08"]
[EventType "swiss"]
[EventRounds "9"]
[EventCountry "ESP"]
[Source "lmi"]
[SourceDate "2008.05.08"]

1. Nf3 Nf6 2. c4 g6 3. Nc3 Bg7 4. e4 d6 5. d4 O-O 6. h3 Nc6 7. d5 Nb8 8. Bg5 c6
9. Be2 cxd5 10. cxd5 b6 11. O-O Ba6 12. Rc1 Bxe2 13. Qxe2 Nbd7 14. Nd4 h6 15.
Nc6 Qe8 16. Nb5 Nc5 17. Bxf6 Bxf6 18. Nc7 Qd7 19. Nxa8 Rxa8 20. b4 Na4 21. Qa6
b5 22. Qxb5 Nc3 23. Qc4 Na4 24. Qb3 Nb6 25. a4 Re8 26. a5 Na8 27. Qe3 Bg5 28.
Qxa7 Qxa7 29. Nxa7 Bxc1 30. Rxc1 Rb8 31. Rc8+ Rxc8 32. Nxc8 1-0

[Event "Campeonato de España Universitario 2008"]
[Site "Madrid ESP"]
[Date "2008.05.08"]
[Round "3.40"]
[White "Alcaraz Soriano, Angela"]
[Black "Lopez Rodriguez, Walter"]
[Result "0-1"]
[WhiteElo "1995"]
[BlackElo "2167"]
[PlyCount "66"]
[EventDate "2008.05.08"]
[EventType "swiss"]
[EventRounds "9"]
[EventCountry "ESP"]
[Source "lmi"]
[SourceDate "2008.05.08"]

1. d4 Nf6 2. c4 c5 3. d5 b5 4. cxb5 a6 5. b6 e6 6. Nc3 exd5 7. Nxd5 Nxd5 8.
Qxd5 Nc6 9. Nf3 Rb8 10. e4 Be7 11. Bc4 O-O 12. O-O Rxb6 13. a3 Na5 14. Ba2 Bb7
15. Qd3 c4 16. Bxc4 Nxc4 17. Qxc4 d5 18. exd5 Bxd5 19. Qe2 Re8 20. Re1 Re6 21.
Be3 Qa8 22. Rac1 Rg6 23. Kf1 Bc6 24. Rxc6 Qxc6 25. Rc1 Qa8 26. Qc4 h5 27. h3
Bd8 28. Nh4 Rge6 29. Nf3 Qb7 30. b4 Rf6 31. Qc2 Rxf3 32. gxf3 Qxf3 33. Qc6 Rxe3
0-1